Largest Islands by Letter - U - Statistics

General Stats
  • This quiz has been taken 23 times
    17 since last reset
  • The average score is 3 of 7
Answer Stats
Area (sq km) Country Answer % Correct
2,722 United States Unalaska Island
64%
4,119 United States Unimak Island
64%
1,125 Samoa Upolu
64%
1,575 Tanzania Unguja
55%
1,793 United States Umnak
27%
1,437 Russia Urup
27%
2,339 Brazil Uarini Island
9%
No matching quizzes found
Score Distribution
Percent of People with Each Score
Percentile by Number Answered
Your Score History
You have not taken this quiz since the last reset